| 000 | 00981nam a2200313 i 4500 | ||
|---|---|---|---|
| 003 | EG-GICUC | ||
| 005 | 20260501120051.0 | ||
| 008 | 260501s1974 fr ||||fr|||| 000 0 fre d | ||
| 020 | _a2275013679 | ||
| 040 |
_aEG-GiCUC _bfre _cEG-GiCUC _dEG-GiCUC _erda |
||
| 082 | 0 | 4 |
_221 _a343.9 _bHE . N |
| 092 | 0 | 4 | _221 |
| 099 | _aLaw1 10 343.9 HE . N 1974 | ||
| 100 | 1 |
_aHerzog, Jacques-bernard _eAuteur |
|
| 245 | 1 | 0 |
_aNuremberg : UN Échec Fructueux ? / _b _cJacques-bernard Herzog ; Maurice Aydalot. _n |
| 264 | 1 |
_aMelun : _bImprimerie Adminstrative, _c1974. |
|
| 300 |
_a209pages : _billustrations, _c24 cm |
||
| 336 |
_2rda content _atext |
||
| 337 |
_2rda media _aComputer |
||
| 338 |
_2rda carrier _aOnline Resource |
||
| 504 | _a | ||
| 546 | _aTexte en français | ||
| 650 | 1 | 4 |
_aDroit pénal _2 |
| 651 | 1 | _2 | |
| 700 | 1 |
_aAydalot, Maurice _ePréfacier |
|
| 856 | 4 | 0 | _uhttps://fll.law.cu.edu.eg/fulltext/bks/B10-10680.pdf |
| 905 | _a50 | ||
| 942 |
_2ddc _cBK _e21 _n0 |
||
| 999 |
_c74618 _d74618 |
||